Frontline management development kit

Bibliographic Details
Corporate Author: Australian National Training Authority(ANTA)
Format: Book
Language:English
Subjects:

MARC

LEADER 00000cam a2200000 7i4500
001 0000007087
005 20241206.0
008 240429 at a eng
020 |a 1864091096 (hardback) 
040 |a INS   |b eng   |e rda 
090 0 0 |a RHD28   |b .F935 1996 
245 0 0 |a Frontline management development kit 
264 2 |a Australia :   |b The Australian Training Euthority (ANTA)   |c 1996 
300 |a 1 v. (various pagings) :   |b colour illustrations ;   |c 31 cm. 
336 |a text  |2 rdacontent 
337 |a unmediated  |2 rdamedia 
338 |a volume  |2 rdacarrier 
650 0 |a Personnel management 
650 0 |a Supervicion of employees 
710 2 |a Australian National Training Authority(ANTA) 
999 |a 0000007702   |b BOOK   |c Reference   |e Default branch